000 00431nam a2200157Ia 4500
008 240729s9999 xx 000 0 und d
022 _a2710-2122
245 0 _aInterdisciplinary Journal of Education Research
260 _aSouth Africa
260 _bERRCD Forum
650 _a Education (General)
650 _aEducation
856 _uhttps://doaj.org/toc/12156e8cef8c42a2beec93d716478d30
942 _2ddc
942 _cDOAJEJ
999 _c75083
_d75083
945 _a1
_bMadushi Gamage
_c1
_dMadushi Gamage